Centre of attention (Record no. 64473)

MARC details
000 -LEADER
fixed length control field 00839cam a2200229 4500
001 - CONTROL NUMBER
control field ABS62767
008 - FIXED-LENGTH DATA ELEMENTS--GENERAL INFORMATION
fixed length control field 000000n2000 000 0 eng u
035 ## - SYSTEM CONTROL NUMBER
System control number (Sirsi) u107938
100 ## - MAIN ENTRY--PERSONAL NAME
Personal name Ahmed, R.
245 ## - TITLE STATEMENT
Title Centre of attention
260 ## - PUBLICATION, DISTRIBUTION, ETC.
Date of publication, distribution, etc. 2000
490 ## - SERIES STATEMENT
Series statement Leisure Management
Volume/sequential designation 20(7) July 2000, 23(1)
520 ## - SUMMARY, ETC.
Summary, etc. Discusses the new concept of Urban Entertainment Centres (UEC) which is an attempt to bring leisure facilities to the high street. Suggests that town centres can provide more accessible facilities than many out of town sites but that sites can be restricted by size.
590 ## - LOCAL NOTE (RLIN)
Local note ABS
650 ## - SUBJECT ADDED ENTRY--TOPICAL TERM
Topical term or geographic name entry element LEISURE CENTRES
650 ## - SUBJECT ADDED ENTRY--TOPICAL TERM
Topical term or geographic name entry element URBAN ENTERTAINMENT CENTRES
650 ## - SUBJECT ADDED ENTRY--TOPICAL TERM
Topical term or geographic name entry element LEISURE MANAGEMENT
650 ## - SUBJECT ADDED ENTRY--TOPICAL TERM
Topical term or geographic name entry element TOWN CENTRES
650 ## - SUBJECT ADDED ENTRY--TOPICAL TERM
Topical term or geographic name entry element LEISURE DEVELOPMENT
690 ## - LOCAL SUBJECT ADDED ENTRY--TOPICAL TERM (OCLC, RLIN)
Topical term or geographic name as entry element LEISURE AND RECREATION
942 ## - ADDED ENTRY ELEMENTS (KOHA)
Suppress in OPAC 0
Holdings
Withdrawn status Lost status Source of classification or shelving scheme Damaged status Not for loan Home library Current library Shelving location Date acquired Total Checkouts Full call number Barcode Date last seen Copy number Price effective from Koha item type
    Dewey Decimal Classification     London London Journal article 22/08/2000   ABS62767 107938-1001 06/08/2019 1 06/08/2019 Journal article